Five Highest Covid-19 Case Countries by Continent - Statistics

General Stats
  • This quiz has been taken 41 times
    29 since last reset
  • The average score is 22 of 29
Answer Stats
continent country % Correct
Oceania Australia
100%
Asia China
100%
Oceania New Zealand
96%
Europe United Kingdom
96%
North America United States
96%
South America Brazil
93%
North America Canada
93%
Europe / Oceania France
93%
North America Mexico
93%
Europe/ Russia
93%
Europe Spain
93%
Europe Italy
89%
Asia India
86%
Africa South Africa
86%
Africa Egypt
82%
Africa Nigeria
82%
South America Chile
79%
South America Colombia
79%
South America Peru
79%
South America Ecuador
71%
Oceania Fiji
71%
North America Dominican Republic
68%
Oceania Papua New Guinea
68%
North America Panama
61%
Africa Algeria
57%
Asia Iran
54%
Asia Saudi Arabia
32%
Asia Turkey
32%
Africa Ghana
11%
No matching quizzes found
Score Distribution
Percent of People with Each Score
Percentile by Number Answered
Your Score History
You have not taken this quiz since the last reset